000 00340nam a2200133Ia 4500
008 240624s9999 xx 000 0 und d
041 _aeng
082 _a658.15224 BYG
100 _aBYGRAVE WILLIAM D
245 _aVENTURE CAPITAL HANDBOOK
260 _c1999
_aLondon
_bPrentice-Hall
300 _axxii, : 362 : p. : cm. ; 23
365 _c
_b35
999 _c7599
_d7599